1348-成田市(千葉県)の駅 - Statistics

General Stats
  • This quiz has been taken 13 times
  • The average score is 7 of 9
Answer Stats
Answer % Correct
成田
100%
成田空港
100%
京成成田
100%
空港第2ビル
89%
久住
78%
下総松崎
78%
公津の杜
67%
成田湯川
67%
滑河
44%
No matching quizzes found
Score Distribution
Percent of People with Each Score
Percentile by Number Answered
Your Score History
You have not taken this quiz